Представление документа в формате MARC21

ПолеНазваниеЗначение
  Тип записи a
  Библиографический уровень m
001 Контрольный номер RU/URAIT/586956
005 Дата корректировки 20260429163617.8
008 Кодируемые данные 260429s2026 RU y f j 000 0 rus u
020 Индекс ISBN __
a ISBN 978-5-534-09630-9
c Цена, тираж 1229.00
040 Источник каталогиз. __
a Служба первич. каталог. ИКО Юрайт
c Служба, преобразующая запись ИКО Юрайт
e Правила каталог. RCR
041 Код языка издания __
a Код языка текста rus
044 Код страны публикации __
a Код страны публикации RU
080 Индекс УДК __
a Индекс УДК 330(075.8)
084 Индекс другой классификации/Индекс ББК __
2 Источник индекса rubbk
a Индекс другой классификации/Индекс ББК 65.01я73
100 Автор __
a Автор Днепров М. Ю.
q Полное имя Днепров Михаил Юрьевич
245 Заглавие __
a Заглавие Экономическая теория
b Продолж. заглавия учебник для вузов
c Ответственность М. Ю. Днепров, О. В. Михайлюк, В. А. Николаев.
256 Характеристики компьютерного файла __
a Характеристики компьютерного файла Электрон. дан.
260 Выходные данные __
a Место издания Москва
b Издательство Юрайт
c Дата издания 2026
300 Физическое описание __
a Объем 216 с
440 Серия __
a Серия Высшее образование
500 Примечания __
a Примечание URL: https://urait.ru/bcode/586956 (дата обращения: 29.04.2026).
520 Аннотация __
a Аннотация Структура учебника включает в себя 11 глав, посвященных основным положениям экономической теории, первостепенным проблемам макроэкономики и микроэкономики, а также ведущим вопросам международных экономических отношений. В книге рассмотрены типы и модели экономических систем, механизм рыночного регулирования, организационные формы предприятий и виды прибыли, государственная финансовая система и бюджетно-налоговая политика.
538 Прим. о системных особенностях __
a Прим. о системных особенностях Режим доступа: Электронно-библиотечная система Юрайт, для авториз. пользователей
653 Ключевые слова __
a Ключевые слова Экономика: общие работы
653 Ключевые слова __
a Ключевые слова Экономические науки
653 Ключевые слова __
a Ключевые слова Общая экономическая теория
653 Ключевые слова __
a Ключевые слова Экономика
653 Ключевые слова __
a Ключевые слова Основы экономики
653 Ключевые слова __
a Ключевые слова Основы экономической теории
653 Ключевые слова __
a Ключевые слова Экономика (Основы экономических теорий)
653 Ключевые слова __
a Ключевые слова Экономическая теория
653 Ключевые слова __
a Ключевые слова Введение в экономику
653 Ключевые слова __
a Ключевые слова Экономика (экономическая теория)
653 Ключевые слова __
a Ключевые слова Введение в экономическую теорию
653 Ключевые слова __
a Ключевые слова Теория экономических учений
700 Другие авторы __
a Другие авторы Михайлюк О. В.
q Полное имя Михайлюк Ольга Викторовна
700 Другие авторы __
a Другие авторы Николаев В. А.
q Полное имя Николаев Виталий Алексеевич
856 Электронный адрес документа 40
n Местонахождение сервера Юрайт
g Электронная книга
q Тип электронного формата html
h Имя пользователя ЮРАЙТ
v Часы доступа к ресурсу 20271231
2 Способ доступа Показать документ
x Служебное примечание https://urait.ru/book/cover/423ADB7F-ADC5-42A8-906E-73451D89E7C6
u URL https://urait.ru/bcode/586956
856 Электронный адрес документа 48
q Тип электронного формата cover
u URL https://urait.ru/book/cover/423ADB7F-ADC5-42A8-906E-73451D89E7C6
911 __
u 0030=https://urait.ru/bcode/586956
911 __
u 073a=9785534096309
u 073d=1229.00
911 __
u 106a=s
911 __
u 900l=
952 Тип литературы __
i Дисциплина Общая экономическая теория
952 Тип литературы __
i Дисциплина Экономика
952 Тип литературы __
i Дисциплина Основы экономики
952 Тип литературы __
i Дисциплина Основы экономической теории
952 Тип литературы __
i Дисциплина Экономика (Основы экономических теорий)
952 Тип литературы __
i Дисциплина Экономическая теория
952 Тип литературы __
i Дисциплина Введение в экономику
952 Тип литературы __
i Дисциплина Экономика (экономическая теория)
952 Тип литературы __
i Дисциплина Введение в экономическую теорию
952 Тип литературы __
i Дисциплина Теория экономических учений